00281 a2200109 450000100060000008200110000610000160001724500530003326000410008630000210012750000230014888464 aPR 679 aA Saud Khan aDesign of test stand of models T53-L-1, -1A, -1B aKarachibUniversity of Karachic1972 a93p.eM H Ahsani aBE Project Reports